Strategic facilities planning (Record no. 73209)

MARC details
000 -LEADER
fixed length control field 00943cam a2200181 4500
001 - CONTROL NUMBER
control field ABS66901
008 - FIXED-LENGTH DATA ELEMENTS--GENERAL INFORMATION
fixed length control field 030811n2003 000 0 eng u
035 ## - SYSTEM CONTROL NUMBER
System control number (Sirsi) u123257
100 ## - MAIN ENTRY--PERSONAL NAME
Personal name Booty, F.
245 ## - TITLE STATEMENT
Title Strategic facilities planning
260 ## - PUBLICATION, DISTRIBUTION, ETC.
Date of publication, distribution, etc. 2003
490 ## - SERIES STATEMENT
Series statement RICS Facilities Management Faculty Feature
Volume/sequential designation 8 July 2003 (6)
520 ## - SUMMARY, ETC.
Summary, etc. Feature discussing strategic facilities planning which is defined as combining real estate, architecture and business to help clients answer both physical and organisational questions. Emphasises that strategic facilities planning is not the same as facilities planning, facilities management, programming or workplace design, although it includes elements of all four. Provides a road map for the successful completion of a strategic facilities planning project.
590 ## - LOCAL NOTE (RLIN)
Local note ABS
650 ## - SUBJECT ADDED ENTRY--TOPICAL TERM
Topical term or geographic name entry element STRATEGIC FACILITIES PLANNING
690 ## - LOCAL SUBJECT ADDED ENTRY--TOPICAL TERM (OCLC, RLIN)
Topical term or geographic name as entry element MANAGEMENT-FACILITIES MANAGEMENT
942 ## - ADDED ENTRY ELEMENTS (KOHA)
Suppress in OPAC 0
Holdings
Withdrawn status Lost status Source of classification or shelving scheme Damaged status Not for loan Home library Current library Shelving location Date acquired Total Checkouts Full call number Barcode Date last seen Copy number Price effective from Koha item type
    Dewey Decimal Classification     London London Journal article 11/08/2003   ABS66901 123257-1001 06/08/2019 1 06/08/2019 Journal article